Elektronikus és multimédiás segédanyagok alkalmazási lehetőségei a mozgóképkultúra és médiaismeret oktatásában

Elmentve itt :
Bibliográfiai részletek
Szerző: Rotics Zsuzsanna
További közreműködők: Kinyó László (Témavezető)
Dokumentumtípus: Szakdolgozat
Megjelent: 2011
Tárgyszavak:
Online Access:http://diploma.bibl.u-szeged.hu/56758
LEADER 00631nta a2200157 i 4500
001 dipl56758
005 20160504090332.0
008 160504s2011 hu om 0|| hun d
040 |a SZTE Diploma Repozitórium  |b hun 
041 |a hun 
100 1 |a Rotics Zsuzsanna 
245 1 0 |a Elektronikus és multimédiás segédanyagok alkalmazási lehetőségei a mozgóképkultúra és médiaismeret oktatásában  |h [elektronikus dokumentum] /  |c Zsuzsanna Rotics 
260 |c 2011 
650 4 |a Bölcsészettudományok 
700 1 |a Kinyó László  |e ths 
856 4 0 |u http://diploma.bibl.u-szeged.hu/id/eprint/56758/1/2011_rotics_zsuzsanna.pdf  |z Dokumentum-elérés